Estadística aplicada
Guardat en:
| Autor principal: | |
|---|---|
| Format: | Llibre |
| Idioma: | espanyol |
| Publicat: |
Buenos Aires
EUDEBA
1972
|
| Edició: | 5a. ed |
| Col·lecció: | Biblioteca del universitario. Manuales, psicología
|
| Matèries: | |
| Etiquetes: |
Afegir etiqueta
Sense etiquetes, Sigues el primer a etiquetar aquest registre!
|
MARC
| LEADER | 00000nam a2200000 a 4500 | ||
|---|---|---|---|
| 001 | UCY7650 | ||
| 003 | CL-VaPUC | ||
| 008 | 950616e19720600AG |||||||||||||||||spa|d | ||
| 082 | 0 | 4 | |a 519.5 |b COR |2 21 |
| 100 | 0 | |a Cortada de Kohan, Nuria |e author |9 338277 | |
| 245 | 1 | 0 | |a Estadística aplicada |
| 250 | |a 5a. ed | ||
| 300 | |a 393 p | ||
| 942 | |c BK | ||
| 945 | |d 19950616 00:00:00 |a cmena | ||
| 260 | |a Buenos Aires |b EUDEBA |c 1972 | ||
| 650 | 0 | |a Estadística |9 259535 | |
| 650 | 0 | |a Ciencias sociales |v Investigación |9 307767 | |
| 650 | 7 | |a INVESTIGACION PSICOLOGICA |2 CL-VaPUC |9 309030 | |
| 650 | 7 | |a PRESENTACION DE DATOS |2 CL-VaPUC |9 338278 | |
| 650 | 0 | |a Datos estadísticos |9 329380 | |
| 650 | 0 | |a Métodos estadísticos |9 259407 | |
| 583 | |a last modification |c 19950616 00:00:00 |k Rodrigo Vera | ||
| 490 | 0 | |a Biblioteca del universitario. Manuales, psicología | |
| 999 | |c 234981 |d 234979 | ||
| 952 | |0 0 |1 0 |4 0 |6 519_500000000000000_COR_1972 |7 0 |8 P |9 242042 |a BIBEDU |b BIBEDU |c BIBEDU_PB |d 2019-11-18 |i 1519654 |o 519.5 COR 1972 |p 1519654 |r 2024-01-25 |w 2019-11-18 |y BK |k EDU | ||